000 00533nam a2200181Ia 4500
008 151202s9999||||xx |||||||||||||| ||und||
082 _bPNVM-49696
100 _aखापरे मंदा.
245 _aमुक्ताई.
260 _b"मधुश्री प्रकाशन, पुणे."
260 _c2013
300 _a300
600 _aखापरे मंदा.
630 _aमुक्ताई.
700 _aखापरे मंदा.
730 _aमुक्ताई.
942 _cBOOK
999 _c1315939
_d1315936